000 00343nam a2200157Ia 4500
100 _aPillai/Rajendra
650 _aPhilosophy
942 _cBK
366 _f25
245 _a100 ways to build a better you
260 _bBetter Yourself Books
_aBandra
_c1996
082 _a170/PIL
_bPIL
300 _a125
546 _aENGLISH
999 _c33144
_d33144